Extended Latin Alphabet - Statistics

General Stats
  • This quiz has been taken 1,048 times
  • The average score is 22 of 58
Answer Stats
Character Name % Correct
A a a
100%
E e e
75%
I i i
69%
O o o
69%
F f ef
67%
B b bee
66%
D d dee
66%
C c cee
65%
G g gee
65%
U u u
65%
L l ell
62%
M m em
62%
N n en
62%
P p pee
61%
R r ar
60%
T t tee
60%
V v vee
60%
X x ex
59%
J j jay
59%
K k kay
59%
Z z zed
59%
S ſ s ess
58%
W w double-u
53%
Ɑ ɑ alpha
45%
Y y wye
40%
Ɛ ɛ epsilon
39%
& ampersand
37%
¨ umlaut
37%
delta
33%
˜ tilde
33%
ɸ phi
32%
Ɣ ɣ gamma
31%
Ɩ ɩ iota
30%
H h aitch
28%
Q q cue
28%
` grave accent
28%
Ə ə schwa
26%
Þ þ thorn
26%
¸ cedilla
25%
ˆ circumflex
25%
´ acute accent
24%
Ɂ ɂ glottal stop
17%
Ʊ ʊ upsilon
17%
Ð ð eth
16%
Æ æ ash
14%
¨ diaeresis
14%
Ŋ ŋ engma
12%
Ƿ ƿ wynn
12%
ẞ ß Eszett
11%
Ʃ ʃ esh
9%
Ʒ ʒ ezh
9%
Ȝ ȝ yogh
8%
Œ œ ethel
4%
Ɔ ɔ open o
4%
Ø ø slashed o
4%
Å å a with ring
3%
Ʌ ʌ turned v
2%
Ƕ ƕ hwair
1%
No matching quizzes found
Score Distribution
Percent of People with Each Score
Percentile by Number Answered
Your Score History
You have not taken this quiz